000 00975nam a22002537a 4500
005 20090504104614.0
008 090504t xxu||||| |||| 00| 0 eng d
010 _aENG-93375
020 _a818988607X
_c960.00
020 _a9788189886073
_c960.00
035 _aEN-76908
037 _bDBAD / PUB
040 _adpl
_bEnglish
082 _a300.72
245 _aResearch methodology in social sciences:
_cedited by Kanak Kanti Bagchi
_ba practical guide /
260 _aDelhi
_bAbhijeet Publications
_c2007
270 _a2/46 Tukhmeerpur Extension
_bDelhi
_e110094
300 _axi, 436p.
_c22cm (Hb)
500 _aIncludes references and index
650 _aSocial sciences
_xResearch
_xMethodology
700 _aBagchi, Kanak Kanti
942 _2ddc
_cEN
_mRES
_h300.72
999 _c26046
_d26046